| 000 | 00402nam a2200169Ia 4500 | ||
|---|---|---|---|
| 001 | 21857 | ||
| 003 | IN-NITTTR | ||
| 005 | 20251114233248.0 | ||
| 008 | 251113s9999||||xx |||||||||||||| ||eng|| | ||
| 040 | _beng | ||
| 040 | _cIN-NITTTR | ||
| 041 | _aeng | ||
| 082 | _a370 R246E | ||
| 100 | _aReddy, G. Lokanadha | ||
| 245 | 0 |
_aEducation for unorganised sector / _cReddy, G. Lokanadha |
|
| 942 |
_2ddc _cBK |
||
| 999 |
_c24487 _d24487 |
||